Представление документа в формате RUSMARC

ПолеНазваниеЗначение
  Тип записи a
  Библиографический уровень m
001 Контрольный номер 9df24b246e0d41f2a117ffbbf6a92c77
005 Дата корректировки 20260622110852.4
010 Индекс ISBN __
a ISBN 978-5-00250-656-9
9 Тираж 5000 экз.
100 Данные общей обработки __
a Данные общей обработки 20260622d2026 cd y0rusy028902 ca
101 Язык документа 0_
a Язык текста rus
102 Страна публикации __
a Страна публикации RU
105 Кодированные данные (монография) __
a Кодированные данные (монография) a z 000yy
181 Поле кодированных данных: вид содержания _0
a Код вида содержания (ISBD) i
182 Поле кодированных данных: тип средства _0
a Код типа средства (ISBD) n
200 Заглавие и сведения об ответственности 1_
a Заглавие Как строили и жили на Руси
f Первые сведения об ответственности Надежда Адамович, Наталья Серегина
e Сведения, относящиеся к заглавию [для среднего школьного возраста]
g Последующие сведения об ответственности иллюстрации Сферы Ференц
203 Вид содержания и тип средства __
a Вид содержания Текст
c Тип средства непосредственный
210 Выходные данные 1_
a Место издания Москва
c Издательство МИФ
d Дата издания 2026
215 Физическое описание __
a Объем 14, [1] с.
c Иллюстрации/тип воспроизводства ил., цв.
d Формат 25 см
225 Серия 2_
a Серия Наша страна Россия
i Наименование части Как жили на Руси
330 Аннотация __
a Аннотация Книга из серии "Наша страна Россия. Как жили на Руси", в которой собраны небольшие красочные издания по 16 страниц, созданные специально для первого чтения и занятий с детьми. Простые тексты, написанные историками и этнографами, и яркие иллюстрации помогут ребенку увидеть, как жили наши предки, научат бережно относиться к истории и ценить традиции своей страны. Чем изба отличалась от хором? Почему окна в старину закрывали бычьим пузырем или слюдой? Зачем дверь делали низкой, а в избе выделяли красный угол и бабий кут? Книга расскажет о домах наших предков - от землянки и полуземлянки до просторных боярских хором. Вы узнаете, как мастера соединяли бревна в срубе и чем укрывали крыши, как была устроена русская печь и почему ее называли матушкой-кормилицей. А еще - что хранили в сундуках и коробах, где стояли полати и что делали в светлице и гридне.
333 Примечание о целевом назначении __
a Примечание о целевом назначении 6+. Для детей старше шести лет
606 Тематические рубрики __
a Основная рубрика Этнология
2 Код системы nlr_sh
606 Тематические рубрики __
a Основная рубрика Этнология современных народов
y Географическая подрубрика Древняя Русь
2 Код системы nlr_sh
610 Ключевые слова 0_
a Ключевые слова детская литература
610 Ключевые слова 0_
a Ключевые слова познавательная литература
610 Ключевые слова 0_
a Ключевые слова этнографические исследования
610 Ключевые слова 0_
a Ключевые слова избы
610 Ключевые слова 0_
a Ключевые слова дома на Руси
610 Ключевые слова 0_
a Ключевые слова быт
610 Ключевые слова 0_
a Ключевые слова быт народов
610 Ключевые слова 0_
a Ключевые слова строительство домов
610 Ключевые слова 0_
a Ключевые слова история строительства
610 Ключевые слова 0_
a Ключевые слова древнерусская посуда
610 Ключевые слова 0_
a Ключевые слова хоромы
610 Ключевые слова 0_
a Ключевые слова терема
610 Ключевые слова 0_
a Ключевые слова русские печи
610 Ключевые слова 0_
a Ключевые слова устройство русских печей
686 Индексы других классификаций __
2 Код системы rubbks
a Классификационный индекс ст63.5(=411.2)-4
700 Автор _1
a Фамилия Адамович
b Имя Н.
g Полное личное имя Надежда
4 Код отношения 070
701 Альтернативная интеллектуальная ответственность _1
a Фамилия Серегина
b Имя Н.
g Полное личное имя Наталья
4 Код отношения 070
702 Вторичная интеллектуальная ответственность _1
a Фамилия Ференц
b Имя С.
g Полное личное имя Сфера
4 Код отношения 440
801 Источник записи _0
a Страна RU
b Организация Муниципальное бюджетное учреждение культуры "Централизованная библиотечная система" г. Сургут (Центральная городская библиотека им. А. С. Пушкина)
c Дата составления 20260622
g Правила каталогизации PSBO
801 Источник записи _2
a Страна RU
b Организация Муниципальное бюджетное учреждение культуры "Централизованная библиотечная система" г. Сургут (Центральная городская библиотека им. А. С. Пушкина)
c Дата составления 20260622
g Правила каталогизации PSBO
852 Данные о местонахождении __
j Шифр хранения ст63.5(=411.2)-4
i Авторский знак А 28
901 Тип документа __
a Ответственный ООФиК/Волкова
t Тип документа m
901 Тип документа __
a Ответственный без партии
903 Характеристики (МАРС) __
a Дата передачи 20260622
c Наименование библиотеки (МАРС) Муниципальное бюджетное учреждение культуры "Централизованная библиотечная система" г. Сургут (Центральная городская библиотека им. А. С. Пушкина)
969 Тип издания __
a Тип издания брошюра
a Тип издания издание для детей
a Тип издания научно-популярное издание
a Тип издания Ф 26